Indicators for monitoring and evaluation of the performance of public enterprises in Africa (Record no. 84782)

MARC details
000 -LEADER
fixed length control field 00789 a2200205 4500
003 - CONTROL NUMBER IDENTIFIER
control field CBULib
005 - DATE AND TIME OF LATEST TRANSACTION
control field 20240528130505.0
008 - FIXED-LENGTH DATA ELEMENTS--GENERAL INFORMATION
fixed length control field 240409b |||||||| |||| 00| 0 eng d
040 ## - CATALOGING SOURCE
Original cataloging agency CBULib
Language of cataloging English
Transcribing agency CBULib
Modifying agency CBULib
Description conventions rda
050 ## - LIBRARY OF CONGRESS CALL NUMBER
Classification number UNECA(08)DM/1994/1
245 ## - TITLE STATEMENT
Title Indicators for monitoring and evaluation of the performance of public enterprises in Africa
Statement of responsibility, etc /by United Nations Economic Commission For Africa(UNECA)
260 ## - PUBLICATION, DISTRIBUTION, ETC. (IMPRINT)
Name of publisher, distributor, etc United Nations
Date of publication, distribution, etc 1994
Place of publication, distribution, etc Addis Ababa
300 ## - PHYSICAL DESCRIPTION
Extent vi, 94 pages. : illustrations
336 ## - CONTENT TYPE
Source rdacontent
Content type term Text |
Content type code txt
337 ## - MEDIA TYPE
Source rdamedia
Media type term Unmediated |
Media type code n
338 ## - CARRIER TYPE
Source rdacarrier
Carrier type term Volume
Carrier type code nc
650 #0 - SUBJECT ADDED ENTRY--TOPICAL TERM
9 (RLIN) 2654
Topical term or geographic name as entry element GOVERNMENT BUSINESS ENTERPRISES--AFRICA
710 ## - ADDED ENTRY--CORPORATE NAME
Corporate name or jurisdiction name as entry element United Nations Economic Commissions for Africa (UNECA)
9 (RLIN) 631
942 ## - ADDED ENTRY ELEMENTS (KOHA)
Source of classification or shelving scheme
Koha item type INTERNATIONAL PUBLICATIONS
Holdings
Withdrawn status Lost status Source of classification or shelving scheme Damaged status Not for loan Collection code Permanent Location Current Location Shelving location Date acquired Source of acquisition Full call number Barcode Date last seen Price effective from Koha item type
          Special Collections CBU-MAIN LIBRARY, KITWE. CBU-MAIN LIBRARY, KITWE. Special Collections 04/09/2024 DEP-UNECA UNECA(08)DM/1994/7 B3005962 04/09/2024 04/09/2024 INTERNATIONAL PUBLICATIONS
          Special Collections CBU-MAIN LIBRARY, KITWE. CBU-MAIN LIBRARY, KITWE. Special Collections 04/09/2024 DEP-UNECA UNECA(08)DM/1994/7 B03007520 04/09/2024 04/09/2024 INTERNATIONAL PUBLICATIONS